000 00722nas a2200253 4500
001 BR0906068
003 BR-BrBNA
005 20231205113503.0
007 ta
008 230509b bl.|||p| |||| 00| 00por d
040 _aBR-BrBNA
_bpor
_cBiblioteca Nacional de Agricultura
041 _a(Pt)
072 _aF30
100 1 _aValle, C.B. do
100 1 _aJank, L.
100 1 _aResende, R.M.S.
245 1 _aO melhoramento de forrageiras tropicais no Brasil
650 _aPLANTA FORRAGEIRA
650 _aSELEÇÃO
650 _aGERMOPLASMA
773 0 _tRevista Ceres (Brazil)
_xISSN 0034-737X
_g(Jul-Aug 2009), v. 56(4) p. 460-472
_wBR0906068
909 _a202311
_bLúcia
_c55
_dLúcia Elande
942 _2AGRIS
_n0
_cANA
999 _c204040
_d204040